Science Quiz

Random Science or Anatomy Quiz
Score 0/37 Timer 15:00
0 Plays Today
% Correct
Proximal
75.9%
Tarsals
75.9%
Distal
72.4%
2
72.4%
Phalanges
72.4%
Intermediate cuneiform
72.4%
Talus
72.4%
Middle
69%
3
69%
4
69%
Intermediate cuneiform
69%
Medial cuneiform
69%
Calcaneus
69%
Metatarsals
69%
First metatarsal
69%
Calcaneus
69%
Calcaneus
69%
5
65.5%
Navicular
65.5%
% Correct
Lateral cuneiform
65.5%
Cuboid
65.5%
Intermediate cuneiform
65.5%
Facet for medial malleolus
65.5%
Talus
65.5%
Cuboid
65.5%
Medial Cuneiform
65.5%
One
62.1%
Navicular
62.1%
Navicular
62.1%
Fifth metatarsal
62.1%
Facet for lateral malleolus
62.1%
right
62.1%
Trochlea of talus
58.6%
Talus
58.6%
Lateral cuneiform
58.6%
Calcaneal tuberosity
55.2%
Sustentaculum tali
51.7%
Come Together.
Have Fun.
All Virtual.
We all need to come together. Play Sporcle's virtual live trivia to have fun, connect with people, and get your trivia on. Join a live hosted trivia game for your favorite pub trivia experience done virtually. If a virtual private party is more your thing, go here for details.

You're not logged in!

Compare scores with friends on all Sporcle quizzes.
OR
Log In

Sporcle TV

Today on Sporcle TV


Watch our educational content, quiz creation guides, and fun videos on Sporcle TV.

Show Comments

Extras

Created Feb 11, 2020ReportNominate
Tags:Anatomy Quiz

Top Quizzes Today


Score Distribution

Paid Content

Your Account Isn't Verified!

In order to create a playlist on Sporcle, you need to verify the email address you used during registration. Go to your Sporcle Settings to finish the process.

Report this User

Report this user for behavior that violates our Community Guidelines.

Details: